000
00399nam a2200133Ia 4500
008
191206s9999 xx 000 0 und d
020
_a
8170461715
090
_a
PR6029C33A19
245
0
_a
"Body blows: women, violence, and survival : three plays"
260
_a
Seagull Books
260
_c
c2000
300
_a
"xx, 155 p. ; 23 cm."
999
_c
15574
_d
15574